000 00618nam a2200217 i 4500
001 28580
003 ES-MaACL
005 20240320062606.0
007 t|
008 030117s1962 sp ||||1| spa d
080 _a929(460)
100 0 _aAzorín,
_d1873-1967
_924326
245 1 0 _aVarios hombres y alguna mujer /
_cAzorín.
260 _aBarcelona :
_bAedos,
_c[1962]
300 _a312 p., 10 lám ;
_c22 cm.
490 1 _aBiblioteca biográfica ;
_v22
650 4 _aEspañoles-
_xBiografías.
_912469
830 1 _aBiblioteca biográfica ;
_v22
_9181197
852 4 _aES-MaACL
_jC-21898
999 _c28580
_d28580